Introduction to religious philosophy / (Record no. 56936)
[ view plain ]
| 000 -LEADER | |
|---|---|
| fixed length control field | 00627nam a2200217 a 4500 |
| 001 - CONTROL NUMBER | |
| control field | 56936 |
| 003 - CONTROL NUMBER IDENTIFIER | |
| rucl marc code | BD-RJUL |
| 005 - DATE AND TIME OF LATEST TRANSACTION | |
| control field | 20211209080442.0 |
| 008 - FIXED-LENGTH DATA ELEMENTS--GENERAL INFORMATION | |
| fixed length control field | 161205r19641960enk 001 0 eng d |
| 035 ## - SYSTEM CONTROL NUMBER | |
| System control number | (BD-RJUL)57060 |
| 040 ## - CATALOGING SOURCE | |
| Original cataloging agency | BCT |
| Transcribing agency | BCT |
| Modifying agency | BD-RJUL |
| Language of cataloging | eng |
| 041 ## - LANGUAGE CODE | |
| Language code of text/sound track or separate title | eng |
| 082 ## - DEWEY DECIMAL CLASSIFICATION NUMBER | |
| Edition number | 23 |
| Classification number | 200.1 |
| Author mark and year | MAI 1964 |
| 100 1# - MAIN ENTRY--PERSONAL NAME | |
| Personal name | MacGregor, Geddes. |
| 9 (RLIN) | 169222 |
| 245 10 - TITLE STATEMENT | |
| Title | Introduction to religious philosophy / |
| Statement of responsibility, etc. | Geddes MacGregor. |
| 260 ## - PUBLICATION, DISTRIBUTION, ETC. (IMPRINT) | |
| Place of publication, distribution, etc. | London : |
| Name of publisher, distributor, etc. | Macmillan & Co Ltd., |
| Date of publication, distribution, etc. | 1960 [Reprinted1964]. |
| 300 ## - PHYSICAL DESCRIPTION | |
| Pagination | xvi, 375 p. ; |
| Size | 23 cm. |
| 500 ## - GENERAL NOTE | |
| General note | Includes index |
| 650 #0 - SUBJECT ADDED ENTRY--TOPICAL TERM | |
| Topical term or geographic name as entry element | Religion |
| General subdivision | Philosophy. |
| 9 (RLIN) | 121453 |
| 942 ## - ADDED ENTRY ELEMENTS (KOHA) | |
| Source of classification or shelving scheme | Dewey Decimal Classification |
| Koha item type | Books |
| Lost status | Source of classification or shelving scheme | Damaged status | Not for loan | Collection code | Permanent Location | Current Location | Shelving location | Date acquired | Source of acquisition | Cost, normal purchase price | Total Checkouts | Full call number | Date last seen | Copy number | Koha item type |
|---|---|---|---|---|---|---|---|---|---|---|---|---|---|---|---|
| Dewey Decimal Classification | Not For Loan | Non-fiction | Central Library, University of Rajshahi | Central Library, University of Rajshahi | Rare Book Section | 02/05/1964 | Provincial Book depart | 13.50 | 200.1 MAI 1964 | 05/12/2016 | C-1 | Books |